| 000 | 01952cam a22004574i 4500 | ||
|---|---|---|---|
| 003 | PE-LiUPU | ||
| 005 | 20250731165425.0 | ||
| 008 | 160201s2005 pe grm 000 0 spa d | ||
| 035 | _a(Sirsi) a155854 | ||
| 040 |
_aPE-LiUPU _bspa _cPE-LiUPU _erda |
||
| 082 | 0 | 4 |
_a286.7328405 _bS18 T4 |
| 099 |
_aTT 4 _bS18 2005 |
||
| 100 | 1 |
_aSalomón Mendez, Miguel Angel _eautor |
|
| 245 | 1 |
_aEstudio histórico de los factores que incidieron en el desarrollo de la Iglesia Adventista del Séptimo Día en Bolivia (1907-1977). Educación-Obra Médica-Publicaciones-Evangelización-Finanzas / _cMiguel Angel Salomón Mendez. |
|
| 264 | 0 | _c2005. | |
| 300 |
_a440 hojas _c30 cm |
||
| 336 |
_atext _2rdacontent |
||
| 337 |
_aunmediated _2rdamedia |
||
| 338 |
_avolume _2rdacarrier |
||
| 502 |
_aTesis _b(Dr.) -- _cUniversidad Peruana Unión, _d2005. |
||
| 504 | _aIncluye referencias | ||
| 520 | 3 | _aBolivia, cuando ingresaron los pioneros adventistas para proclamar su mensaje evangélico a comienzos del siglo XX, se divida físicamente en tres zonas climatológicas y humanas. El altiplano, extremadamente frio e inhóspito, reunía a la mayoría de la población aymara, sobre todo concentrada en el departamento de La Paz. Las condiciones de vida se hacían difíciles para los moradores originarios y también para los foráneos. Los valles centrales ofrecían una temperatura mas saludable. | |
| 526 | _aSEG44 | ||
| 526 | _aSEG26 | ||
| 526 | _aP151 | ||
| 526 | _aP150 | ||
| 526 | _aP149 | ||
| 526 | _aP146 | ||
| 526 | _aP145 | ||
| 526 | _aP126 | ||
| 526 | _aP125 | ||
| 526 | _aP92 | ||
| 526 | _aP75 | ||
| 526 | _aP74 | ||
| 526 | _aP27 | ||
| 526 | _aP15 | ||
| 650 | 1 | 4 |
_aAdventistas del Séptimo Día _xHistoria _zBolivia. |
| 596 | _a1 | ||
| 942 |
_2ddc _cTESIS |
||
| 999 |
_aTT 4 S18 2005 _wALPHANUM _c8531 _iT00437 _d8531 _lCCODEBUL3 _mBUL _q1 _r1 _sY _tTESIS _u2016-2-1 _xPOSGRADO _PP94 _o.STAFF. Tesis |
||
| 980 |
_81 _gALBERTO SANCHEZ Responsable de Automatización |
||